| 000 | 00731nam a2200241 a 4500 | ||
|---|---|---|---|
| 001 | 84364 | ||
| 003 | BD-RjUL | ||
| 005 | 20241125152730.0 | ||
| 008 | 241125s1960 enka 001 0 eng d | ||
| 035 | _a(BD-RjUL)84364 | ||
| 040 |
_aBD-RjUL _beng _cBD-RjUL _dBD-RjUL |
||
| 041 | _aeng | ||
| 082 |
_223 _a336 _bMEP 1960 |
||
| 100 | 1 |
_aMehta, J. K. _9132509 |
|
| 245 | 1 | 0 |
_aPublic finance theory and practice / _cJ. K. Mehta and S. N. Agarwala |
| 260 |
_aAllahabad : _bKitab Mahal, _c1960 |
||
| 300 |
_a621 pages : _billustrations ; _c 22 cm. |
||
| 504 | _aIncludes bibliographies and index | ||
| 650 |
_aFinance, Public _914414 |
||
| 650 |
_aFinance, Public India _914415 |
||
| 700 | 1 |
_aAgarwala, S. N. _914416 |
|
| 942 |
_2ddc _cBK |
||
| 999 |
_c84364 _d84364 |
||